000
00325nam a22001337a 4500
008
171002b xxu||||| |||| 00| 0 eng d
020
_a
9781561343140
041
_a
eng
080
_a
37
100
_a
47
101
_a
EDU
245
_a
SOURCES NOTABLE SELECTION IN SOCIAL PHYCHOLOGY
_c
PETTIJOHN.T.E
942
_2
udc
_c
BK
999
_c
31047
_d
31047